Most Important Cities in the USA- According to Google Maps - Statistics

General Stats
  • This quiz has been taken 63 times
  • The average score is 10 of 10
Answer Stats
City State % Correct
Dallas TX
100%
New York NY
100%
Washington DC
100%
Chicago IL
98%
Miami FL
98%
Boston MA
97%
Las Vegas NV
94%
San Francisco CA
92%
San Diego CA
89%
San Antonio TX
87%
No matching quizzes found
Score Distribution
Percent of People with Each Score
Percentile by Number Answered
Your Score History
You have not taken this quiz